Business organization: an introductory analysis (Record no. 358901)

000 -LEADER
fixed length control field 00377cam a22001337a 4500
008 - FIXED-LENGTH DATA ELEMENTS--GENERAL INFORMATION
fixed length control field 180718b1967 xxu||||| |||| 00| 0 eng d
082 ## - DEWEY DECIMAL CLASSIFICATION NUMBER
Classification number T300 B223
100 ## - MAIN ENTRY--PERSONAL NAME
Personal name Banerjee, Mrityunjoy
245 ## - TITLE STATEMENT
Title Business organization: an introductory analysis
Statement of responsibility, etc. by Mrityunjoy Banerjee
250 ## - EDITION STATEMENT
Edition statement 2nd ed.
260 ## - PUBLICATION, DISTRIBUTION, ETC.
Place of publication, distribution, etc. Bombay
Name of publisher, distributor, etc. Asia
Date of publication, distribution, etc. 1967
300 ## - PHYSICAL DESCRIPTION
Extent 227p.
650 ## - SUBJECT ADDED ENTRY--TOPICAL TERM
Topical term or geographic name entry element Business Management
Holdings
Withdrawn status Lost status Damaged status Not for loan Permanent Location Current Location Date acquired Full call number Barcode Date last seen Price effective from Koha item type
        Indian Institute of Public Administration Indian Institute of Public Administration 1994-02-03 T300 B223 41146 2018-07-21 2018-07-21 Book

Powered by Koha